| 000 | 01345nam a22002657a 4500 | ||
|---|---|---|---|
| 005 | 20210325180732.0 | ||
| 008 | s2544 th tha d | ||
| 020 | _a9747834146 | ||
| 041 | _atha | ||
| 050 | _aJQ1745.A5 ส784ว 2544 | ||
| 100 | 0 | _aสันติสุข โสภณสิริ, บรรณาธิการ | |
| 245 | 1 | 0 | _aวิถีประชาธิปไตย |
| 260 | 3 |
_aกรุงเทพฯ : _bคณะกรรมการดำเนินงานฉลอง 100 ปี ชาตกาล นายปรีดี พนมยงค์ รัฐบุรุษอาวุโส, _c2544 |
|
| 300 |
_a130 หน้า ; _b 21 ซม. |
||
| 650 | 0 | 4 | _aทองอินทร์ ภูริพัฒน์ -- แนวคิดและบทบาท |
| 650 | 0 | 4 | _aประชาธิปไตย |
| 650 | 0 | 4 | _aประชาธิปไตย -- ไทย |
| 650 | 0 | 4 | _aไทย -- การเมืองและการปกครอง -- 2475 |
| 650 | 0 | 4 | _aไทย -- การเมืองและการปกครอง -- รวมเรื่อง |
| 700 | 0 | _aสันติสุข โสภณสิริ | |
| 850 | _aNALT | ||
| 942 | _cGB | ||
| 997 |
_c000000000010065 _n[อาคารรัฐสภา 2] |
||
| 998 | _aMr.mover Books | ||
| 999 |
_c10065 _d10065 |
||